00903nam a2200217Ia 4500003000900000008004100009020001800050040001600068080002400084111008400108245020400192260003500396300002300431650001600454650001900470650001900489700003000508942000700538999001500545952012500560IN-BaIIA211028s9999 xx 000 0 eng d a0-12-473260-7 cIIA Library a530.145(082.1)bQUA aSymposium on Quantum Theory and GravitationcNew Orleansd1979 May 23-26912089 0aQuantum theory and gravitationbproceedings of a Symposium on quantum theory and gravitation, held in New Orleans, US, 23-26 May 1979cedited by A. R. Marlow  aNew YorkbAcademic Pressc1980 a[various pagings.] aGravitation aNASA thesaurus aQuantum theory aMarlow, A. R., ed.912090 cBK c7065d7065 00104070aBANbBANcGENd1982-05-10g57.10l0o530.145(082.1)/ QUAp7845r2021-11-05v57.10w1982-05-10yBKGRs. 57.10